The noble scholar, jurist, historian


 His Excellency Dr. Abdul Wahhab bin Ibrahim Abu Sulaiman, may Allah have mercy on him.


 He was born in Umm Al-Qura in the year 1356 AH.

شيخ الإسلام عبد الله الأنصاري الهروي : (Record no. 2558)

MARC details
000 -LEADER
fixed length control field 01256cam a2200277 i 4500
003 - CONTROL NUMBER IDENTIFIER
control field SA-RiAUC
005 - DATE AND TIME OF LATEST TRANSACTION
control field 20241120062059.0
008 - FIXED-LENGTH DATA ELEMENTS--GENERAL INFORMATION
fixed length control field 241117s1968 ua g b 00000bara c
040 ## - CATALOGING SOURCE
Original cataloging agency SA-JeALM
Language of cataloging ara
Transcribing agency SA-RiAUC
Description conventions rda
050 #4 - LIBRARY OF CONGRESS CALL NUMBER
Item number A37 1968
082 04 - DEWEY DECIMAL CLASSIFICATION NUMBER
Classification number 922.6
090 ## - LOCALLY ASSIGNED LC-TYPE CALL NUMBER (OCLC); LOCAL CALL NUMBER (RLIN)
Classification number (OCLC) (R) ; Classification number, CALL (RLIN) (NR) 922.6
Local cutter number (OCLC) ; Book number/undivided call number, CALL (RLIN) أ ف غ
100 1# - MAIN ENTRY--PERSONAL NAME
Personal name الأفغاني، محمد سعيد عبدالمجيد سعيد،
Dates associated with a name 1909-1997
Relator term مؤلف.
245 10 - TITLE STATEMENT
Title شيخ الإسلام عبد الله الأنصاري الهروي :
Remainder of title مبادئه وآراؤه الكلامية والروحية 396-481 هـ. /
Statement of responsibility, etc. محمد سعيد الأفغاني.
264 #1 - PRODUCTION, PUBLICATION, DISTRIBUTION, MANUFACTURE, AND COPYRIGHT NOTICE
Place of production, publication, distribution, manufacture القاهرة :
Name of producer, publisher, distributor, manufacturer دار الكتب الحديثة،
Date of production, publication, distribution, manufacture, or copyright notice 1968
300 ## - PHYSICAL DESCRIPTION
Extent 360 صفحة ؛
Dimensions 24 سم
336 ## - CONTENT TYPE
Content type term نص
Content type code txt
Source rdacontent
Materials specified كتاب
337 ## - MEDIA TYPE
Media type term بدون وسيط
Media type code n
Source rdamedia
338 ## - CARRIER TYPE
Carrier type term مجلد
Carrier type code nc
Source rdacarrier
500 ## - GENERAL NOTE
General note الأصل أطروحة (دكتوراه)-جامعة الأزهر، كلية أصول الدين.
504 ## - BIBLIOGRAPHY, ETC. NOTE
Bibliography, etc. note ببليوجرافية : صفحة 347-350.
600 17 - SUBJECT ADDED ENTRY--PERSONAL NAME
Personal name الهروي، عبد الله بن محمد بن علي،
Dates associated with a name 481-396 هجري
Source of heading or term aucnm
650 #7 - SUBJECT ADDED ENTRY--TOPICAL TERM
Topical term or geographic name entry element المتصوفون
Form subdivision تراجم
Source of heading or term aucsh
942 ## - ADDED ENTRY ELEMENTS (KOHA)
Source of classification or shelving scheme Dewey Decimal Classification
Koha item type Books
Suppress in OPAC No
949 ## - LOCAL PROCESSING INFORMATION (OCLC)
a SA-JeALM
d 241117
u mohamedma123
n 1
Holdings
Withdrawn status Lost status Source of classification or shelving scheme Damaged status Not for loan Home library Current library Date acquired Total checkouts Full call number Barcode Date last seen Price effective from Koha item type
    Dewey Decimal Classification     DR AbdElwahab Library DR AbdElwahab Library 11/20/2024   922.6 أ ف غ 000003969 11/20/2024 11/20/2024 Books